|
|
|
|
| LEADER |
01827nam a2200409 a 4500 |
| 001 |
EBC902776 |
| 003 |
MiAaPQ |
| 005 |
20200520144314.0 |
| 006 |
m o d | |
| 007 |
cr cn||||||||| |
| 008 |
110902s2012 cauad sb 001 0 eng d |
| 010 |
|
|
|z 2011036935
|
| 020 |
|
|
|z 9780804781541 (cloth alk. paper)
|
| 020 |
|
|
|a 9780804784900 (electronic bk.)
|
| 035 |
|
|
|a (MiAaPQ)EBC902776
|
| 035 |
|
|
|a (Au-PeEL)EBL902776
|
| 035 |
|
|
|a (CaPaEBR)ebr10556754
|
| 035 |
|
|
|a (OCoLC)792688138
|
| 040 |
|
|
|a MiAaPQ
|c MiAaPQ
|d MiAaPQ
|
| 043 |
|
|
|a n-us---
|
| 050 |
|
4 |
|a HF1455
|b .S857 2012
|
| 082 |
0 |
4 |
|a 337.73
|2 23
|
| 245 |
0 |
0 |
|a Peerless and periled
|h [electronic resource] :
|b the paradox of American leadership in the world economic order /
|c Kati Suominen.
|
| 260 |
|
|
|a Stanford, California :
|b Stanford University Press,
|c 2012.
|
| 300 |
|
|
|a xiii, 312 p. :
|b ill.
|
| 504 |
|
|
|a Includes bibliographical references and index.
|
| 505 |
0 |
|
|a Introduction : leadership renewed -- Rebalancing the world economy -- Rescuing the rescuer : what should a 21st century IMF do? -- Ruling out crises or deglobalizing finance? -- Dollar's endangered reign -- Central banking at a crossroads -- The myth of America's decline.
|
| 533 |
|
|
|a Electronic reproduction. Ann Arbor, MI : ProQuest, 2015. Available via World Wide Web. Access may be limited to ProQuest affiliated libraries.
|
| 650 |
|
0 |
|a International economic relations.
|
| 650 |
|
0 |
|a International finance.
|
| 650 |
|
0 |
|a Finance
|x Government policy
|z United States.
|
| 651 |
|
0 |
|a United States
|x Foreign economic relations.
|
| 651 |
|
0 |
|a United States
|x Economic policy
|y 2009-
|
| 655 |
|
4 |
|a Electronic books.
|
| 700 |
1 |
|
|a Suominen, Kati.
|
| 710 |
2 |
|
|a ProQuest (Firm)
|
| 856 |
4 |
0 |
|u https://ebookcentral.proquest.com/lib/matrademy/detail.action?docID=902776
|z Click to View
|